000 00595nam a2200217Ia 4500
003 OSt
005 20220926005801.0
006 a|||||r|||| 00| 0
007 ta
008 220923b |||||||| |||| 00| 0 eng d
020 _c725.00
037 _b2198, 06/12/2019, Dhanraj Book House
_cGeneral Book
040 _aRTL
_cRTL
_beng
041 _2eng
_aeng
100 _aTAXMANN
_9257335
245 0 _aLabour law.
260 _a New Delhi
_bTaxman
_c2019
650 _aCommerce
942 _cGB
_2CC
999 _c615240
_d615240